| 000 | 00698cam a2200217u 4500 | ||
|---|---|---|---|
| 001 | 9606103 | ||
| 003 | ARRUPE | ||
| 005 | 20160128150905.0 | ||
| 008 | 820929s1896 enkabf 000 0 eng | ||
| 010 | _a 04022793 | ||
| 040 |
_aDLC _cCarP _dDLC |
||
| 043 | _af-sa--- | ||
| 050 | 0 | 0 |
_aDT756 _b.T16 |
| 100 | 1 |
_aTangye, H[arold] Lincoln, _d1866- [from old catalog] _921921 |
|
| 245 | 0 | 0 | _aIn new South Africa: travels in the Trancvall and Rhodesia. |
| 260 |
_aLondon, _bH. Cox, _c1896. |
||
| 300 |
_aviii, 431 p. _bfront., illus., plates, fold. map. _c22 cm. |
||
| 651 | 0 |
_aSouth Africa _xDescription and travel. _921922 |
|
| 906 |
_a0 _bcbc _cpremunv _du _encip _f19 _gy-gencatlg |
||
| 942 |
_2lcc _cSPC |
||
| 999 |
_c124078 _d124078 |
||